|
|
|
|
| LEADER |
01422nam a2200337 i 4500 |
| 001 |
33900 |
| 003 |
BD-DhAAL |
| 005 |
20211123100417.0 |
| 008 |
181025t2016 wau 000 p eng d |
| 999 |
|
|
|c 40077
|d 40077
|
| 010 |
|
|
|a 2015026869
|
| 020 |
|
|
|a 9781556594854 (paperback)
|
| 040 |
|
|
|a DLC
|b eng
|c DLC
|e rda
|d DLC
|d BD-DhAAL
|
| 042 |
|
|
|a pcc
|
| 050 |
0 |
0 |
|a PS3573.R497
|b P64 2016
|
| 082 |
0 |
0 |
|a 814.54
|2 23
|
| 084 |
|
|
|a LCO010000
|2 bisacsh
|
| 100 |
1 |
|
|a Wright, C. D.,
|d 1949-2016
|9 28626
|
| 245 |
1 |
4 |
|a The Poet, the Lion, Talking Pictures, El Farolito, a Wedding in St. Roch, the Big Box Store, the Warp in the Mirror, Spring, Midnights, Fire & All /
|c C.D. Wright.
|
| 260 |
|
|
|a Port Townsend, Washington :
|b Copper Canyon Press,
|c c2016
|
| 300 |
|
|
|a xiii, 135 pages ;
|c 23 cm.
|
| 520 |
|
|
|a "A companion to her astonishing collection of prose Cooling Time, C.D. Wright argues for poetry as a way of being and seeing"--
|
| 526 |
|
|
|a ENH
|
| 541 |
|
|
|a Trim Education
|e 33900
|
| 650 |
|
0 |
|a Poetry.
|9 28627
|
| 650 |
|
0 |
|a Poetry
|x Authorship.
|9 28628
|
| 650 |
|
0 |
|a English literature
|9 43000
|
| 650 |
|
7 |
|a LITERARY COLLECTIONS / Essays.
|2 bisacsh
|9 28629
|
| 852 |
|
|
|a Ayesha Abed Library
|c General Stacks
|
| 942 |
|
|
|2 ddc
|c BK
|
| 952 |
|
|
|0 0
|1 0
|2 ddc
|4 0
|6 814_540000000000000_WRI
|7 0
|9 64513
|a BRACUL
|b BRACUL
|c GEN
|d 2018-10-22
|e Trim Education
|g 1710.00
|l 1
|m 28
|o 814.54 WRI
|p 3010033900
|r 2020-01-07
|s 2019-05-30
|t 1
|v 1710.00
|w 2018-10-22
|y BK
|